00836nam a2200193 a 450000100100000000500170001000800410002704000250006810000280009324500850012126000510020630000210025750000550027850000730033304900090040695201050041595201050052099900170062500002707320200930030602.0110329s1956 dr 000 0 spa d aDO-SdBNPbspacBNPHU1 aCordero, Armando93662910aEstudios para la historia de la filosofía en Santo Domingo /cArmando Cordero. aSanto Domingo :bImpresora Arte y Cine,c1956. a195 p. ;c22 cm. aIncluye bibliografías a final de los capítulos aIncluye referencias bibliográficas y notas al pie de las páginas aBNPD 0010718PDaPDbPDcCTd2011-03-29iLF1l0o p27073-10r2020-06-25w2020-06-25yLFPDZNo se presta 0010718PDaPDbPDcHDd2011-03-29iLF1l0o p27074-10r2020-06-25w2020-06-25yLFPDZNo se presta c26565d26565